=LDR 00000nam 2200000 4500 =001 000322 =005 20250710022120 =035 ##$$a 0010-0725000175 =007 ta =008 250710################a##########0#ind## =020 ##$$a 978-623-118-873-1 =082 ##$$a 398.209 598 =084 ##$$a 398.209 598 WID s =100 #$$a Widyaningsih, Caecilia Krismariana =245 1#$$a Stroberi Untuk Ratu Jani /$c Caecilia Krismariana Widyaningsih =250 ##$$a Cetakan Pertama =260 ##$$a Jakarta :$b Kemendikbud,$c 2023 =300 ##$$a 36 hlm. : $b ilus. ; $c 22,9 cm =650 #4$$a CERITA ANAK-INDONESIA =650 #4$$a KESUSASTRAAN ANAK =990 ##$$a TBM00220022